000 01572nam a2200373 a 4500
001 ebr10682358
003 CaPaEBR
006 m u
007 cr cn|||||||||
008 121120s2013 njua sb 001 0 eng d
010 _z 2012045105
020 _z9781118218297 (cloth)
020 _z9781118284834 (ebk)
020 _z9781118282908 (ebk)
020 _z9781118282380 (ebk)
040 _aCaPaEBR
_cCaPaEBR
035 _a(OCoLC)819105392
050 1 4 _aCD974.4
_b.S63 2013eb
082 0 4 _a025.04
_223
100 1 _aSmallwood, Robert F.,
_d1959-
245 1 0 _aManaging electronic records
_h[electronic resource] :
_bmethods, best practices, and technologies /
_cRobert F. Smallwood.
260 _aHoboken, New Jersey :
_bJohn Wiley & Sons, Inc.,
_c2013.
300 _axix, 442 p. :
_bill.
490 1 _aWiley CIO series
504 _aIncludes bibliographical references and index.
505 0 _apt. 1. E-records concepts -- pt. 2. E-records fundamentals -- pt. 3. Information delivery -- pt. 4. Technical issues -- pt. 5. Project and program management issues.
533 _aElectronic reproduction.
_bPalo Alto, Calif. :
_cebrary,
_d2013.
_nAvailable via World Wide Web.
_nAccess may be limited to ebrary affiliated libraries.
650 0 _aElectronic records
_xManagement.
650 0 _aRecords
_xManagement.
655 7 _aElectronic books.
_2local
710 2 _aebrary, Inc.
830 0 _aWiley CIO series.
856 4 0 _uhttp://site.ebrary.com/lib/rucke/Doc?id=10682358
_zAn electronic book accessible through the World Wide Web; click to view
999 _c61447
_d61447